Harry Potter - Cour de soins aux créatures magiques - Niveau difficile - Statistiques

Statistiques générales
  • Ce quiz a été pris 92 fois
  • Le résultat moyen est 10 sur 11
Statistiques - réponses
Question Réponse % Correct
Comment se nomme le serpent de Lord Voldemort ? Nagini
99%
Quelle créature prend toujours la forme qui effraie le plus la personne qui se trouve en face de lui ? Un épouvantard
99%
Dans la croyance sorcière, comment s'appelle le grand chien noir dont l'apparition est de mauvais augure car ceux qui le voient sont appelés à mourir prochainement ? Le sinistros
97%
Quel est le nom du dragon appartenant à Hagrid ? Norbert
97%
Comment s'appelle le crapaud de Neville Londubat ? Trevor
97%
Quelle petite créature malicieuse prend plaisir à se livrer à des farces de toutes sortes ? Les lutins de Cornouailles
94%
Comment s'appelle les démons des eaux qui a une apparence presque humaine ? Un strangulot
94%
Comment s'appelle l'elfe de maison de la famille Black ? Kreattur
92%
Qui est Graup ? Un géant
92%
Quel centaure a été professeur à Poudlard ? Firenze
90%
Quel est le nom du hibou de Ron Weasley ? Coquecigrue
86%
Aucun quiz correspondant
Distribution des résultats
% des personnes avec chaque résultat
Percentile par nombre de réponses
Votre historique - résultats
Vous n’avez pas pris ce quiz